[Event "Chigorin Memorial 28th"]
[Site "St Petersburg"]
[Date "2021.10.31"]
[Round "9"]
[White "Osipenko, Ivan"]
[Black "Kharrasov, Dmitrii"]
[Result "0-1"]
[WhiteElo "1753"]
[BlackElo "1416"]
[PlyCount "114"]
[EventDate "2021.10.23"]
[EventType "swiss"]
[EventRounds "9"]
[EventCountry "RUS"]
[SourceTitle "EXT 2023"]
[Source "ChessBase"]
[SourceDate "2022.10.05"]
[SourceVersion "1"]
[SourceVersionDate "2022.10.05"]
[SourceQuality "1"]

1. d4 d5 2. c4 e6 3. Nf3 Nf6 4. g3 Be7 5. Bg2 0-0 6. 0-0 c6 7. Nbd2 b6 8. Qc2 c5 9. Rd1 Bb7 10. cxd5 exd5 11. dxc5 bxc5 12. Nb3 Na6 13. Bd2 Rc8 14. Bh3 Rb8 15. Bf4 Bd6 16. Bxd6 Qxd6 17. Rac1 Nb4 18. Qb1 Ne4 19. a3 Na6 20. Na5 Qb6 21. Nxb7 Qxb7 22. Qd3 Nc7 23. b4 c4 24. Qd4 Qb6 25. Ne5 Qxd4 26. Rxd4 Nf6 27. Nd7 Nxd7 28. Bxd7 Rfd8 29. Bc6 f5 30. Rcd1 g6 31. Bxd5+ Nxd5 32. Rxd5 Rxd5 33. Rxd5 Rc8 34. Rd2 c3 35. Rc2 Kf7 36. Kf1 Ke6 37. Ke1 Kd5 38. a4 Kc4 39. Kd1 Rd8+ 40. Kc1 Kxb4 41. f3 Kb3 42. e3 Rd5 43. Re2 Ra5 44. e4 Rxa4 45. Kb1 fxe4 46. fxe4 Ra6 47. e5 Re6 48. Re4 a5 49. h4 a4 50. g4 a3 51. Re2 a2+ 52. Ka1 c2 53. Re3+ Kc4 54. Re1 Rxe5 55. Rc1 Kc3 56. h5 Rb5 57. hxg6 hxg6 0-1

[Event "Chigorin Memorial 28th"]
[Site "St Petersburg"]
[Date "2021.10.28"]
[Round "6"]
[White "Kharrasov, Dmitrii"]
[Black "Klinkov, Evgeny"]
[Result "0-1"]
[WhiteElo "1416"]
[BlackElo "1726"]
[PlyCount "98"]
[EventDate "2021.10.23"]
[EventType "swiss"]
[EventRounds "9"]
[EventCountry "RUS"]
[SourceTitle "EXT 2023"]
[Source "ChessBase"]
[SourceDate "2022.10.05"]
[SourceVersion "1"]
[SourceVersionDate "2022.10.05"]
[SourceQuality "1"]

1. e4 e6 2. d4 d5 3. e5 c5 4. c3 Nc6 5. Nf3 Bd7 6. a3 c4 7. Nbd2 f6 8. Be2 Qc7 9. exf6 Nxf6 10. 0-0 Bd6 11. h3 0-0 12. Re1 Rae8 13. Nf1 e5 14. dxe5 Nxe5 15. Nxe5 Bxe5 16. Be3 Qc8 17. Bf3 Kh8 18. Bd4 Ne4 19. Bxe5 Rxe5 20. Bxe4 dxe4 21. Qd4 Rg5 22. Ng3 Bc6 23. Qxc4 h5 24. h4 Rg4 25. Qc5 Rxh4 26. Qg5 Qd8 27. Qxd8 Rxd8 28. Nf5 Rf4 29. Nd4 Bd5 30. Rad1 Rdf8 31. Ne2 R4f5 32. Ng3 Re5 33. Rd4 Rfe8 34. a4 h4 35. Ne2 Bc6 36. Nf4 Kh7 37. b3 g5 38. Ne2 g4 39. g3 h3 40. Nf4 e3 41. fxe3 Rxe3 42. Rxe3 Rxe3 43. Nd5 Bxd5 44. Rxd5 Rxg3+ 45. Kh2 Rxc3 46. Rd7+ Kg6 47. Rxb7 Rc2+ 48. Kh1 g3 49. Rb8 Rc1# 0-1

[Event "Chigorin Memorial 28th"]
[Site "St Petersburg"]
[Date "2021.10.27"]
[Round "5"]
[White "Leonova, Ameliya"]
[Black "Kharrasov, Dmitrii"]
[Result "1-0"]
[WhiteElo "1794"]
[BlackElo "1416"]
[PlyCount "97"]
[EventDate "2021.10.23"]
[EventType "swiss"]
[EventRounds "9"]
[EventCountry "RUS"]
[SourceTitle "EXT 2023"]
[Source "ChessBase"]
[SourceDate "2022.10.05"]
[SourceVersion "1"]
[SourceVersionDate "2022.10.05"]
[SourceQuality "1"]

1. e4 e5 2. Nf3 Nc6 3. Bb5 a6 4. Bxc6 dxc6 5. 0-0 f6 6. d4 exd4 7. Nxd4 c5 8. Ne2 Qxd1 9. Rxd1 Bd7 10. Be3 0-0-0 11. Nbc3 Bd6 12. Rd2 Ne7 13. Rad1 Bc6 14. Nf4 Bxf4 15. Bxf4 Ng6 16. Be3 b6 17. Nd5 Rhe8 18. f3 Bxd5 19. Rxd5 Rxd5 20. Rxd5 c6 21. Rd1 Ne5 22. Kf2 Nc4 23. Bc1 g5 24. b3 Ne5 25. Bb2 Kc7 26. h4 h6 27. hxg5 hxg5 28. Rh1 Nd7 29. Kg3 Kd6 30. Kg4 Ke6 31. f4 gxf4 32. Kxf4 Rg8 33. g4 Ne5 34. Bxe5 fxe5+ 35. Kg3 a5 36. Rh6+ Kd7 37. Rh5 Ke6 38. g5 a4 39. Rh6+ Kd7 40. Kg4 axb3 41. axb3 Rf8 42. Rf6 Rh8 43. Kf5 Rh5 44. Rh6 c4 45. Rxh5 c3 46. g6 Ke7 47. Rh7+ Kf8 48. Ra7 c5 49. Kf6 1-0

[Event "Chigorin Memorial 28th"]
[Site "St Petersburg"]
[Date "2021.10.26"]
[Round "4"]
[White "Kharrasov, Dmitrii"]
[Black "Tsarkov, Mikhail"]
[Result "1-0"]
[WhiteElo "1416"]
[BlackElo "1676"]
[PlyCount "67"]
[EventDate "2021.10.23"]
[EventType "swiss"]
[EventRounds "9"]
[EventCountry "RUS"]
[SourceTitle "EXT 2023"]
[Source "ChessBase"]
[SourceDate "2022.10.05"]
[SourceVersion "1"]
[SourceVersionDate "2022.10.05"]
[SourceQuality "1"]

1. e4 c6 2. d4 d5 3. e5 Bf5 4. h4 h6 5. g4 Be4 6. f3 Bg6 7. h5 Bh7 8. e6 Qd6 9. exf7+ Kxf7 10. Kf2 e5 11. c3 Nd7 12. dxe5 Qxe5 13. Bd3 Re8 14. Nh3 Bc5+ 15. Kg2 Bxd3 16. Qxd3 Qe2+ 17. Qxe2 Rxe2+ 18. Kf1 Rc2 19. Nd2 Be3 20. Rh2 Ngf6 21. Ke1 Bxd2+ 22. Rxd2 Rxd2 23. Bxd2 Ne5 24. Kf2 Re8 25. Nf4 Nc4 26. Bc1 Nd7 27. b3 Ncb6 28. Be3 Nc8 29. Rd1 Ne5 30. Bd4 Nb6 31. Re1 Nbd7 32. Re3 b6 33. Ng6 Nxg6 34. hxg6+ 1-0

[Event "Chigorin Memorial 28th"]
[Site "St Petersburg"]
[Date "2021.10.24"]
[Round "2"]
[White "Kharrasov, Dmitrii"]
[Black "Andronov, Ilya"]
[Result "0-1"]
[WhiteElo "1416"]
[BlackElo "1866"]
[PlyCount "114"]
[EventDate "2021.10.23"]
[EventType "swiss"]
[EventRounds "9"]
[EventCountry "RUS"]
[SourceTitle "EXT 2023"]
[Source "ChessBase"]
[SourceDate "2022.10.05"]
[SourceVersion "1"]
[SourceVersionDate "2022.10.05"]
[SourceQuality "1"]

1. e4 e5 2. f4 Bc5 3. Nf3 d6 4. Nc3 Nc6 5. Na4 Nf6 6. Nxc5 dxc5 7. d3 Bg4 8. Be2 Qd6 9. fxe5 Nxe5 10. Nxe5 Bxe2 11. Nxf7 Bxd1 12. Nxd6+ cxd6 13. Kxd1 0-0 14. Be3 Ng4 15. Ke2 Rf7 16. Raf1 Re7 17. c4 a6 18. h3 Ne5 19. b3 b5 20. Bf4 bxc4 21. bxc4 Rb8 22. Rb1 Reb7 23. Rxb7 Rxb7 24. Bxe5 dxe5 25. Rf1 Rb2+ 26. Ke3 Rxg2 27. Rf5 Rg3+ 28. Kd2 Rxh3 29. Rxe5 Kf7 30. Rxc5 h5 31. Rd5 h4 32. c5 Rh2+ 33. Kd1 Rh1+ 34. Kc2 h3 35. c6 h2 36. Rh5 Ke7 37. Kb2 Kd6 38. d4 Kxc6 39. d5+ Kd6 40. a3 g5 41. Rh6+ Ke5 42. d6 Rd1 43. Rxh2 Rxd6 44. Rg2 Kf4 45. Kc3 g4 46. Kb4 Rd4+ 47. Ka5 Rxe4 48. Ra2 Re6 49. Rb2 g3 50. Rb4+ Kf3 51. Rb3+ Kf2 52. Rb2+ Kg1 53. Rb1+ Kh2 54. Rb2+ g2 55. Rc2 Kh1 56. a4 g1Q 57. Rc4 Qb6# 0-1